000 01115cam a2200349 4500
001 6854
003 FISKH
005 20250603113319.0
008 740703t19751973nyua j 000 0 eng
010 _a 74013162
020 _a0590074091
020 _a078073003501
040 _aDLC
_cDLC
_dDLC
_beng
050 _aSF445 .S44
082 _a636.807
100 1 _aSelsam, Millicent E.
_q(Millicent Ellis),
_d1912-1996.
245 1 0 _aHow kittens grow,
_cby Millicent E. Selsam. Photos. by Esther Bubley.
250 _aFirst Scholastic printing, November 1992
260 _aNew York,
_bScholastic,
_c1973
300 _a32 unnumbered pages : c
_bolor illustrations ;
_c21 cm
505 _aJ
520 _aA photographic essay describing four kittens' first eight weeks of life.
521 8 _a470
_bLexile
521 8 _aJ
_bRaz-Plus
650 0 _aCats
_xJuvenile literature.
650 0 _aAnimals
_xInfancy
_xJuvenile literature.
650 1 _aCats.
700 1 _aBubley, Esther,
_eillustrator
906 _a7
_bcbc
_corignew
_d1
_eocip
_f19
_gy-gencatlg
942 _2ddc
_cBK
_n0
999 _c6854
_d6854